Indian railways act, 1890. (9 of 1958) (Record no. 946288)

MARC details
000 -LEADER
fixed length control field 00787nam a2200265Ia 4500
003 - CONTROL NUMBER IDENTIFIER
control field OSt
005 - DATE AND TIME OF LATEST TRANSACTION
control field 20221005040043.0
008 - FIXED-LENGTH DATA ELEMENTS--GENERAL INFORMATION
fixed length control field 221004b |||||||| |||| 00| 0 eng d
037 ## - SOURCE OF ACQUISITION
Terms of availability Textual
040 ## - CATALOGING SOURCE
Original cataloging agency CRL
Transcribing agency CRL
Language of cataloging eng
041 ## - LANGUAGE CODE
Source of code eng
Language code of text/sound track or separate title eng
110 ## - MAIN ENTRY--CORPORATE NAME
Corporate name or jurisdiction name as entry element India, (Government of --). Law (Ministry of --)
9 (RLIN) 365335
245 #0 - TITLE STATEMENT
Title Indian railways act, 1890. (9 of 1958)
260 ## - PUBLICATION, DISTRIBUTION, ETC.
Place of publication, distribution, etc. Delhi
Name of publisher, distributor, etc. Ministry of Law India
Date of publication, distribution, etc. 1959
490 ## - SERIES STATEMENT
Series statement As modified up to the Ist Sept. 1959
650 ## - SUBJECT ADDED ENTRY--TOPICAL TERM
Topical term or geographic name entry element ECONOMICS
650 ## - SUBJECT ADDED ENTRY--TOPICAL TERM
Topical term or geographic name entry element RAILROADS
700 ## - ADDED ENTRY--PERSONAL NAME
Personal name India, (Government of --). Law (Ministry of --)
9 (RLIN) 365337
942 ## - ADDED ENTRY ELEMENTS (KOHA)
Classification part X415:Z2qM90, J9
Koha item type Textual
Source of classification or shelving scheme
Holdings
Withdrawn status Lost status Damaged status Not for loan Home library Current library Date acquired Total Checkouts Full call number Barcode Date last seen Price effective from Koha item type
        Central Library Central Library 2022-10-05   X415:Z2qM90 J9 CL0148186 2022-10-05 2022-10-05 Textual
Copyright @ Delhi University Library System